00534 2200205 4500001002100000005001700021008004100038035002400079082001100103090001800114100001900132245004500151260004300196300002500239500001100264650002000275850001200295985000600307999001500313YOGYA-0209000006207120090227040015.0 ind  0010-020900000062071 a428.02 a428.02bHod H aHODGES, John C aHarbrace College handbookcJohn C Hodges aNew YorkbHarcount Brace & Woredc1962 axxiv, 502 hlmc18 cm aIndeks aBahasa Inggeris aYOPDYOG a1 aa000011951